000
00331 a2200157 4500
001
191839
020
_a
978-85-7416-830-2
040
_c
Magnum
100
_a
Franco, Blandina
240
1
0
_a
Estilística
_l
por
245
1
0
_a
Estilística
300
_a
48
362
0
_a
2013
697
_a
LITERATURA INFANTO-JUVENIL
942
_c
BK
999
_c
191839
_d
191839